• 首页
  • 本馆介绍
  • 公告通知
  • 最新文献
  • 馆藏检索
  • 电子资源
  • 读者导购
  • 参考咨询
  • 我的图书馆
  • 登录
  • 详细信息显示
  • 放入我的书架
  • 预约/预借图书
  • 作者相关作品
  • 分类相关作品
  • 丛书相关作品
  • 出版社相关作品

书目信息

  • 表格格式
  • 工作单格式
  • 卡片格式
题名:
新能源材料
    
 
作者: 艾德生 , 高喆 编著
分册:  
出版信息: 北京   化学工业出版社  2010.1
页数: 150页
开本: 24cm
丛书名: 新能源系列
单 册:
中图分类: TK01
科图分类:
主题词: 能源--材料 , 能源
电子资源:
ISBN: 978-7-122-06861-3
000 00973oam2 2200289 45
001 1360578812
005 20130530165847.04
010    @a978-7-122-06861-3@dCNY25.00
100    @a20130513d2010 em y0chiy0110 ea
101 0  @achi
102    @aCN@b110000
105    @aak z 000yy
106    @ar
200 1  @a新能源材料@AXin Neng Yuan Cai Liao@e基础与应用@EJi Chu Yu Ying Yong@f艾德生,高喆编著@FAi De Sheng, Gao喆 Bian Zhu
210    @a北京@c化学工业出版社@d2010.1
215    @a150页@c图@d24cm
225 2  @a新能源系列
330    @a本书介绍了新能源材料的基础与应用。具体内容包括:绪论,新型储存材料,锂离子电池材料,燃料电池材料,太阳能电池材料基础与应用,其他新能源材料。
461  0 @12001 @a新能源系列
517 1  @a基础与应用@AJi Chu Yu Ying Yong
606 0  @a能源@j材料
606 0  @a能源
690    @aTK01@v5
701  0 @a艾德生@AAi De Sheng@4编著
701  0 @a高喆@AGao喆@4编著
801    @aCN@bTANGWEI@c20130523
905    @b0835731-33@dTK01@e118@f3
    
    新能源材料:基础与应用/艾德生,高喆编著.-北京:化学工业出版社,2010.1
    150页:图;24cm.-(新能源系列)
    
    
    ISBN 978-7-122-06861-3:CNY25.00
    本书介绍了新能源材料的基础与应用。具体内容包括:绪论,新型储存材料,锂离子电池材料,燃料电池材料,太阳能电池材料基础与应用,其他新能源材料。
●
相关链接 在E读中查询图书 在五车中查询图书 在当当中查询图书 在豆瓣中查询图书


正题名:新能源材料     索取号:TK01/118         预约/预借

序号 登录号 条形码 馆藏地/架位号 状态 备注
1 0835731   208357311   第二样本阅览室/ [索取号:TK01/118] 在馆    
2 0835732   208357320   第三借阅区/ [索取号:TK01/118] 在馆    
3 0835733   208357339   密集书库-化学系/ [索取号:TK01/118] 在馆    
唐山师范学院图书馆 欢迎您!
大连网信软件有限公司© 版权所有